000 00606cam a2200217 4500
008 000000n1999 000 0 eng u
020 _a0717624587
035 _a(Sirsi) u103639
050 _a622.8026
110 _aGreat Britain
_bHealth and Safety Executive
245 _aHealth and safety at quarries. Quarries regulations 1999: Approved code of practice.
260 _aLondon
_bHMSO
_c1999
300 _avi, 94p. ; 30cm.
350 _a15.00
490 _aL
_v118
650 _aHEALTH AND SAFETY
_96244
650 _aQUARRIES
650 _aHSE
690 _aMINING AND MINERALS
942 _n0
999 _c100146
_d100146